Les 20 préfectures les plus proches d'Amiens - Statistiques

Statistiques générales
  • Ce quiz a été pris 241 fois
    195 depuis la dernière actualisation
  • Le résultat moyen est 14 sur 20
Statistiques - réponses
distance (en km) ville préfecture % Correct
99 Lille
98%
115 Paris
98%
100 Rouen
90%
56 Arras
86%
54 Beauvais
85%
102 Laon
79%
208 Caen
74%
122 Versailles
65%
223 Orléans
62%
174 Charleville-Mezières
59%
127 Evreux
59%
220 Troyes
59%
95 Cergy Pontoise
58%
110 Bobigny
56%
125 Creteil
56%
182 Chalons en Champagne
54%
141 Evry Courcouronnes
54%
153 Melun
54%
112 Nanterre
54%
172 Chartres
53%
Aucun quiz correspondant
Distribution des résultats
% des personnes avec chaque résultat
Percentile par nombre de réponses
Votre historique - résultats
Vous n’avez pas pris ce quiz depuis la dernière actualisation